000 00518nam a22001457a 4500
999 _c114872
_d114872
005 20191130095756.0
008 191130b ||||| |||| 00| 0 eng d
040 _cPK-LaUMT
082 _a158.1
_bCOP-K
100 _aCopmare, M. R. = کوپ میئر، ایم۔ آر۔
245 _aKamyabi hazir he = کامیابی حاضر ہے/
_cby M. R. Copmare; translated by Iqbal Kadar = از ایم آر کوپ؛ ترجمہ اقبال کاردار
260 _aLahore :
_bBook Home,
_c2018
300 _a280 p.
942 _cBK